Bulo kolys'- bude znovu-

Bibliographic Details
Main Author: Jackanin, Ivan, 1950- (Author)
Format: Article
Language:Ukrainian
PhysicalDescription:Fotogr.
Subjects:

MARC

LEADER 00000nab a2200000 a 4500
001 vtls010063643
003 SK-MaSNL
005 20260319070629.0
008 100211c2009 xo wr p 000 c0ukr
015 |a SNBRB2010/02 
038 |a SVKPOCL 
040 |a SVKPOCL  |b slo  |c SVKPOCL  |e AACR2 
041 0 |a ukr 
044 |a xo  |c SK 
080 |a 373.3  |2 2001 
080 |a 811.161.2  |2 2001 
100 1 |a Jackanin, Ivan,  |d 1950-  |4 aut  |9 103637 
245 1 0 |a Bulo kolys'- bude znovu-  |c [avtor] (ija) 
300 |b Fotogr. 
610 2 7 |a Základná škola na Karpatskej ulici (Svidník, Slovensko).  |b Krúžok ukrajinského jazyka  |2 svkpocl  |9 1039681 
648 7 |a 26.9.2009  |2 svkpocl  |9 1037041 
650 0 7 |a základné školy  |2 svkpocl  |9 1280 
650 0 7 |a ukrajinčina  |2 svkpocl  |9 1347 
650 0 7 |a krúžky  |2 svkpocl  |9 682893 
651 7 |a Svidník (Slovensko)  |2 svkpocl  |9 28309 
655 7 |a rokovania  |2 svkpocl  |9 1039682 
773 0 |t Nove žyttja  |g Roč. 59, č. 41-42 (2009), s. 1 
852 |a SVKPO  |b KIS3GCP 
958 |a UK 
958 |a SK 
999 |c 1709411  |d 1711341